000 00486nam a22001937a 4500
003 MPLRDC
005 20220104124022.0
008 210129b ||||| |||| 00| 0 eng d
020 _a957-29609-7-0
082 _a177.2 BREW c.2
100 _aMACKLE BREWSTON
245 _a反脑富翁
_c袁敏琴 译
250 _a初版
260 _a台湾
_b智言馆
_c2005
300 _b314
490 _a理财智典. 1
650 _a应用心理学--成功法
942 _cBK
_o177.2 BREW c.2
999 _c16005
_d15995